Ilhamat-e-Ghaus-e-Azam (Record no. 7189)

000 -LEADER
fixed length control field 00474 a2200145 4500
020 ## - INTERNATIONAL STANDARD BOOK NUMBER
International Standard Book Number 9698510222
035 ## - SYSTEM CONTROL NUMBER
System control number (DLC) 2002343193
040 ## - CATALOGING SOURCE
Original cataloging agency DLC
Language of cataloging DLC
082 ## - DEWEY DECIMAL CLASSIFICATION NUMBER
Classification number 297.48
Author Mark QAD
245 10 - TITLE STATEMENT
Title Ilhamat-e-Ghaus-e-Azam
Statement of responsibility, etc. Muhammad Riaz Qadiri.
260 ## - PUBLICATION, DISTRIBUTION, ETC.
Place of publication, distribution, etc. Gujranwala :
Name of publisher, distributor, etc. Abbasi Publications ;
Place of publication, distribution, etc. Rawalpindi :
Name of publisher, distributor, etc. Distributed by New Public Book,
Date of publication, distribution, etc. 2002.
300 ## - PHYSICAL DESCRIPTION
Extent ii, 128 p. ;
Dimensions 22 cm.
500 ## - GENERAL NOTE
General note "Rendered into English with interpretation"--T.p.
942 ## - ADDED ENTRY ELEMENTS (KOHA)
Koha item type Book
Call number prefix 297.48 RIA
Source of classification or shelving scheme
Holdings
Withdrawn status Lost status Source of classification or shelving scheme Damaged status Not for loan Permanent Location Current Location Shelving location Date acquired Source of acquisition Total Checkouts Full call number Barcode Date last seen Date last checked out Price effective from Koha item type
          Central Library (CL) Central Library (CL) General Stacks 03/06/2008 Donation 1 297.48 QAD SEECS004080 05/31/2016 04/03/2016 01/05/2017 Book
© 2023 Central Library, National University of Sciences and Technology. All Rights Reserved.